00376cam a22000977a 4500008004000000082002100040245013200061260006600193300000800259700001100267180718b1980 xxu||||| |||| 00| 0 eng d aR11068x54 In2hri aReport on the survey on employment in hotel & restaurant industrycby Directorate General of Employment & Training, Ministry of aNew DelhibDirectorate General of Employment & Trainingc1980 a89p aIndia.